书目信息 |
| 题名: |
医药实验动物模型
|
|
| 作者: | 黄国钧 , 黄勤挽 主编 | |
| 分册: | ||
| 出版信息: | 北京 化学工业出版社 2008 |
|
| 页数: | 822页 | |
| 开本: | 26cm | |
| 丛书名: | ||
| 单 册: | ||
| 中图分类: | R-332 | |
| 科图分类: | ||
| 主题词: | 医药学--实验动物--模型 , 医药学 , 实验动物 | |
| 电子资源: | ||
| ISBN: | 978-7-122-01131-2 | |
| 000 | 01078nam0 2200289 45 | |
| 001 | 1050841000 | |
| 005 | 20100420093118.24 | |
| 010 | @a978-7-122-01131-2@b精装@dCNY168.00 | |
| 100 | @a20100409d2008 em y0chiy0110 ea | |
| 101 | 0 | @achi |
| 102 | @aCN@b110000 | |
| 105 | @ay z 000yy | |
| 106 | @ar | |
| 200 | 1 | @a医药实验动物模型@AYi Yao Shi Yan Dong Wu Mo Xing@dAnimal model in medical experiment:development and application@e制作与应用@EZhi Zuo Yu Ying Yong@f黄国钧,黄勤挽主编@FHuang Guo Jun, Huang Qin Wan Zhu Bian@zeng |
| 210 | @a北京@c化学工业出版社@d2008 | |
| 215 | @a822页@d26cm | |
| 330 | @a本书分20章,介绍200余种疾病共约1500个动物模型的制作方法和检测评价指标。 | |
| 510 | 1 | @aAnimal model in medical experiment@edevelopment and application@zeng |
| 517 | 1 | @a制作与应用@AZhi Zuo Yu Ying Yong |
| 606 | 0 | @a医药学@x实验动物@x模型 |
| 606 | 0 | @a医药学 |
| 606 | 0 | @a实验动物 |
| 690 | @aR-332@v4 | |
| 701 | 0 | @a黄国钧@AHuang Guo Jun@4主编 |
| 701 | 0 | @a黄勤挽@AHuang Qin Wan@4主编 |
| 801 | 0 | @aCN@bTANGWEI@c20100420 |
| 905 | @b0590992-96@dR-332@e20@f5 | |
| 医药实验动物模型=Animal model in medical experiment:development and application:制作与应用/黄国钧,黄勤挽主编.-北京:化学工业出版社,2008 |
| 822页;26cm |
| ISBN 978-7-122-01131-2(精装):CNY168.00 |
| 本书分20章,介绍200余种疾病共约1500个动物模型的制作方法和检测评价指标。 |
| ● |
| 相关链接 |
|
|
|
|
正题名:医药实验动物模型
索取号:R-332/20
 
预约/预借
| 序号 | 登录号 | 条形码 | 馆藏地/架位号 | 状态 | 备注 |
| 1 | 0590992 | 205909926 | 第二样本阅览室/ [索取号:R-332/20] | 在馆 | |
| 2 | 0590993 | 205909935 | 教育系资料室/ [索取号:R-332/20] | 在馆 | |
| 3 | 0590994 | 205909944 | 密集书库-生命科学系/ [索取号:R-332/20] | 在馆 | |
| 4 | 0590995 | 205909953 | 第三借阅区/ [索取号:R-332/20] | 在馆 | |
| 5 | 0590996 | 205909962 | 教育系资料室/ [索取号:R-332/20] | 在馆 |